[Event "Sanjin Hotel Cup"]
[Site "Taiyuan CHN"]
[Date "2004.07.17"]
[Round "1"]
[White "Ni Hua"]
[Black "Lautier,J"]
[Result "1/2-1/2"]
[WhiteElo "2583"]
[BlackElo "2666"]

1.e4 c5 2.Nf3 e6 3.d4 cxd4 4.Nxd4 Nc6 5.Nc3 a6 6.Nxc6 bxc6 7.Bd3 d5 8.O-O Nf6
9.Re1 Be7 10.e5 Nd7 11.Na4 Nb6 12.Nxb6 Qxb6 13.b3 a5 14.Be3 Qb4 15.Bd2 Qd4
16.Re3 g6 17.c3 Qb6 18.Qg4 Ba6 19.Bxa6 Qxa6 20.Rae1 a4 21.Rf3 axb3 22.axb3 h5
23.Qf4 Rh7 24.c4 Rd8 25.cxd5 Rxd5 26.Bc3 h4 27.h3 Qb7 28.b4 Bd8 29.Qc4  1/2-1/2

[Event "ch-SWE"]
[Site "Gothenburg SWE"]
[Date "2004.07.18"]
[Round "8"]
[White "Hermansson,E"]
[Black "Couso,L"]
[Result "0-1"]
[WhiteElo "2428"]
[BlackElo "2377"]

1.e4 c5 2.Nf3 e6 3.d4 cxd4 4.Nxd4 Nc6 5.Nc3 a6 6.Be3 Nge7 7.Nb3 Ng6 8.Qd2 Be7
9.O-O-O b5 10.Kb1 d6 11.f4 Qc7 12.h4 Nf8 13.Bxb5 axb5 14.Nxb5 Qb8 15.Nxd6+ Bxd6
16.Qxd6 Qxd6 17.Rxd6 Nb8 18.Rhd1 Nfd7 19.Nc5 Ke7 20.a4 Ra5 21.b4 Nxc5 22.Bxc5 Rxc5
23.bxc5 Bb7 24.R1d4 Rc8 25.Rb6 Bc6 26.Rc4 Nd7 27.Ra6 Rc7 28.Kb2 Bxe4 29.g3 Bd5
30.Rb4 Nxc5 31.Ra5 h5 32.Rab5 Ne4 33.a5 Nd6 34.Rb8 Nc4+ 35.Kc1 Nxa5 36.f5 Rc3
37.fxe6 Bxe6 38.R4b5 Nc6 39.R8b7+ Kf6 40.Rc7 Rxc2+ 41.Kxc2 Nd4+ 42.Kb2 Nxb5
43.Rc5 Nd6 44.Rxh5 Ne4  0-1

[Event "Aegean Open"]
[Site "Agios Kirykos GRE"]
[Date "2004.07.19"]
[Round "8"]
[White "Dochev,D"]
[Black "Tassopoulos,M"]
[Result "1-0"]
[WhiteElo "2353"]
[BlackElo "2234"]

1.e4 c5 2.Nf3 e6 3.d4 cxd4 4.Nxd4 Nc6 5.Nc3 Qc7 6.g3 a6 7.Bg2 Nf6 8.O-O Bc5
9.Nxc6 dxc6 10.Na4 Ba7 11.c4 Nd7 12.b4 a5 13.b5 e5 14.Ba3 Bd4 15.Qg4 g6 16.Qh4 c5
17.Rac1 Qd6 18.Nc3 h6 19.Kh1 g5 20.Qh5 Nf6 21.Qd1 Bg4 22.f3 Be6 23.Ne2 O-O-O
24.Nxd4 exd4 25.f4 gxf4 26.gxf4 Ng4 27.e5 Qe7 28.Qf3 Ne3 29.Bxc5 Qd7 30.Bd6 Rhg8
31.Rf2 Rg6 32.Qe4 Rdg8 33.Bf3 Bf5 34.Qxd4 Rxd6 35.exd6 Ng4 36.Rg2 Qd8  1-0

[Event "ACT Open"]
[Site "Amsterdam NED"]
[Date "2004.07.19"]
[Round "3"]
[White "Bosboom,M"]
[Black "Timman,J"]
[Result "1/2-1/2"]
[WhiteElo "2425"]
[BlackElo "2596"]

1.e4 c5 2.Nf3 Nc6 3.d4 cxd4 4.Nxd4 e6 5.Nc3 a6 6.Be3 Nf6 7.a3 d6 8.Be2 Be7
9.g4 d5 10.g5 Nxe4 11.Nxe4 dxe4 12.Nxc6 Qxd1+ 13.Bxd1 bxc6 14.c4 Bb7 15.Bc2 O-O-O
16.Bxe4 c5 17.Bxb7+ Kxb7 18.Ke2 a5 19.a4 Kc6 20.b3 Rd7 21.Rad1 Rxd1 22.Rxd1 Bd6
23.Bd2 Rb8 24.Rb1 Bc7 25.h4 f5 26.Bc3 e5 27.f3 g6 28.Kd3 Re8 29.Rh1 e4+ 30.fxe4 Rxe4
31.h5 Rg4 32.hxg6 hxg6 33.Bf6 Rg3+ 34.Ke2 Bf4 35.Rh6 Bxg5 36.Rxg6 Re3+ 37.Kf2 Re6
38.Rxg5 Rxf6 39.Kf3 Rd6 40.Rxf5 Rd3+ 41.Ke4 Rxb3 42.Rf6+ Kb7 43.Kd5 Rb4 44.Kxc5 Rxa4
45.Rf7+ Kc8  1/2-1/2

[Event "ACT Open"]
[Site "Amsterdam NED"]
[Date "2004.07.20"]
[Round "4"]
[White "Gagunashvili,M"]
[Black "Michiels,B"]
[Result "1-0"]
[WhiteElo "2580"]
[BlackElo "2450"]

1.Nf3 c5 2.e4 e6 3.d4 cxd4 4.Nxd4 Nc6 5.Nc3 Qc7 6.Be3 a6 7.Bd3 b5 8.O-O Bb7
9.Nxc6 Qxc6 10.a3 Nf6 11.Qe2 Be7 12.f4 O-O 13.e5 Nd5 14.Nxd5 Qxd5 15.c4 bxc4
16.Bxc4 Qc6 17.Rac1 Bc5 18.Bxc5 Qxc5+ 19.Qf2 Qxf2+ 20.Rxf2 Rfb8 21.f5 a5
22.Rd2 Be4 23.g4 Ra7 24.fxe6 dxe6 25.Kf2 Kf8 26.Ke3 Bg6 27.b3 Ke7 28.a4 Rd8
29.Rxd8 Kxd8 30.Bb5 f6 31.Rc6 fxe5 32.Bc4 Rc7 33.Rd6+ Kc8 34.Bxe6+ Kb7 35.Bd5+ Kc8
36.Be6+ Kb7 37.h4 Rc3+ 38.Kd2 Rc2+ 39.Kd1 Rc5 40.Rd7+ Rc7 41.Rd5 Re7 42.Rb5+ Kc7
43.Bc4 Rd7+ 44.Ke2 Rd4 45.h5 Be8 46.Rxe5 Bxa4 47.bxa4 Rxc4 48.Re7+ Kd6 49.Rxg7 Ke5
50.Kf3 Rc3+ 51.Kf2 Kf4 52.h6 Rh3 53.g5 Rh2+ 54.Kg1 Rh5 55.g6 hxg6 56.Rxg6 Rh4
57.Ra6 Kg5 58.Rxa5+ Kxh6 59.Ra8 Kg7 60.a5 Ra4 61.a6 Ra2 62.Kf1 Ra5 63.Ke2 Ra1
64.Kd3 Ra3+ 65.Kc4 Ra1 66.Kb5 Rb1+ 67.Kc6 Rc1+ 68.Kb7 Rb1+ 69.Ka7 Kf6 70.Rb8 Rh1
71.Kb6 Rb1+ 72.Kc7 Rc1+ 73.Kb7 Rb1+ 74.Ka8 Rh1 75.a7 Rh7 76.Rc8 Rh1 77.Rc6+ Ke5
78.Kb7  1-0

[Event "ch-SWE"]
[Site "Gothenburg SWE"]
[Date "2004.07.20"]
[Round "10"]
[White "Berg,E"]
[Black "Akesson,R"]
[Result "1-0"]
[WhiteElo "2510"]
[BlackElo "2485"]

1.e4 c5 2.Nf3 e6 3.d4 cxd4 4.Nxd4 Nc6 5.Nc3 Qc7 6.Be3 a6 7.f4 b5 8.Qf3 Bb7
9.Bd3 Nf6 10.O-O-O Rc8 11.Kb1 h5 12.h3 h4 13.Nce2 Na5 14.g4 hxg3 15.Nxg3 Nc4
16.Bc1 Qb6 17.Nb3 a5 18.Qe2 a4 19.Nd2 d5 20.f5 Bd6 21.Bxc4 dxc4 22.e5 Bxh1
23.Nxh1 Bxe5 24.Qxe5 Rc5 25.Qd4 e5 26.Qg1 Rxh3 27.Nf2 Rh7 28.Nfe4 Rc6 29.Nxf6+ Rxf6
30.Ne4 Rc6 31.Be3 Qb8 32.Bg5  1-0

[Event "ACT Open"]
[Site "Amsterdam NED"]
[Date "2004.07.22"]
[Round "6"]
[White "Stellwagen,D"]
[Black "Van der Elburg,F"]
[Result "1-0"]
[WhiteElo "2509"]
[BlackElo "2223"]

1.e4 c5 2.Nf3 e6 3.d4 cxd4 4.Nxd4 Nc6 5.Nc3 Qc7 6.Be2 a6 7.O-O b5 8.Nxc6 dxc6
9.a4 b4 10.Nb1 Nf6 11.Bd3 c5 12.Nd2 Bb7 13.Qe2 Be7 14.Nc4 O-O 15.b3 Rfe8
16.f4 Bf8 17.Bb2 Nd7 18.Rad1 a5 19.Rf3 f5 20.Re3 Nb6 21.Be5 Qc6 22.exf5 Nd5
23.Be4 Qa6 24.Rh3 Nc3 25.Bxc3 bxc3 26.f6  1-0

[Event "3rd Open"]
[Site "Bergamo ITA"]
[Date "2004.07.22"]
[Round "2"]
[White "Pace,P"]
[Black "Prusikin,M"]
[Result "0-1"]
[WhiteElo "2133"]
[BlackElo "2517"]

1.e4 c5 2.Nf3 e6 3.d4 cxd4 4.Nxd4 Nc6 5.Nc3 Qc7 6.g3 a6 7.Bg2 d6 8.a4 Nf6
9.O-O Be7 10.Nb3 b6 11.Re1 O-O 12.h3 Bb7 13.Be3 Ne5 14.a5 b5 15.Bb6 Qc8 16.Nd2 Ned7
17.Be3 Qc7 18.Qe2 Rac8 19.Rec1 Qb8 20.f4 Qa8 21.Bf2 g6 22.g4 e5 23.f5 gxf5
24.gxf5 Kh8 25.Kh2 Rg8 26.Bf3 Bf8 27.Qe3 b4 28.Nd5 Nxd5 29.exd5 Bxd5 30.Ne4 Bh6
31.Qxh6 Bxe4 32.Bh4 Bxf3 33.Bf6+ Nxf6 34.Qxf6+ Rg7 35.c4 Qe4  0-1

[Event "ch-Montenegro"]
[Site "Bijelo Polje SCG"]
[Date "2004.07.22"]
[Round "7"]
[White "Kalezic,B"]
[Black "Djukic,Ni"]
[Result "1-0"]
[WhiteElo "2446"]
[BlackElo "2450"]

1.e4 c5 2.Nf3 Nc6 3.Nc3 e6 4.d4 cxd4 5.Nxd4 Qc7 6.a3 a6 7.Be2 Nf6 8.O-O Be7
9.Kh1 O-O 10.f4 d6 11.Be3 Na5 12.Qe1 Nc4 13.Bc1 b5 14.b3 Nb6 15.Bb2 Bb7 16.Qg3 Rfe8
17.Bd3 Bf8 18.Nf3 Nbd7 19.b4 g6 20.Rae1 Bg7 21.Nd1 d5 22.e5 Ne4 23.Qh3 Nb6
24.Ne3 Qe7 25.Bd4 Nd7 26.Ng4 h5 27.Nf2 Rec8 28.g4 hxg4 29.Nxg4 a5 30.Rb1 axb4
31.axb4 Ra3 32.Nh6+ Bxh6 33.Qxh6 Qf8 34.Qh4 Qd8 35.Qh6 Qf8 36.Qh3 Kg7 37.f5 exf5
38.Rg1 Qe7 39.e6+ Ndf6 40.Qxf5 Qxe6 41.Rxg6+ Kf8 42.Qxe6 fxe6 43.Bxf6 Nf2+
44.Kg1 Nxd3 45.cxd3 Rc2 46.d4  1-0

[Event "Quebec Open"]
[Site "Montreal CAN"]
[Date "2004.07.22"]
[Round "6"]
[White "Lapshun,Y"]
[Black "Mikanovic,G"]
[Result "1-0"]
[WhiteElo "2444"]
[BlackElo "2278"]

1.e4 c5 2.Nf3 e6 3.d4 cxd4 4.Nxd4 Nc6 5.Nc3 Qc7 6.g3 a6 7.Bg2 d6 8.O-O Bd7
9.Nde2 Nf6 10.h3 Be7 11.g4 O-O 12.Ng3 b5 13.a3 Rab8 14.Qe2 b4 15.axb4 Nxb4
16.g5 Ne8 17.f4 Bc6 18.Be3 d5 19.e5 d4 20.Bxd4 Bxg2 21.Qxg2 Nc6 22.Be3 Rxb2
23.Nd1 Rb7 24.Rxa6 Nb4 25.Ra3 Nd5 26.Rd3 Rb4 27.Ne4 Rc4 28.c3 Kh8 29.Bd4 Ra4
30.Ne3 Nxe3 31.Rxe3 Qc4 32.h4 Nc7 33.h5 Nd5 34.Re2 Ra7 35.f5  1-0

[Event "Open"]
[Site "Balatonlelle HUN"]
[Date "2004.07.23"]
[Round "5"]
[White "Vajda,S"]
[Black "Kragelj,I"]
[Result "1-0"]
[WhiteElo "2355"]
[BlackElo "2247"]

1.e4 c5 2.Nf3 Nc6 3.d4 cxd4 4.Nxd4 e6 5.Nc3 Qc7 6.Be2 a6 7.O-O Nf6 8.Be3 Be7
9.f4 d6 10.a4 O-O 11.Bf3 Bd7 12.Nb3 b6 13.Kh1 Rab8 14.g4 Bc8 15.g5 Nd7 16.Bg2 Na5
17.Qh5 g6 18.Qh3 Nxb3 19.cxb3 Nc5 20.f5 Re8 21.fxg6 fxg6 22.Rf7 h5 23.Raf1 Rf8
24.Qf3 Qd8 25.Bd4 e5 26.Bxc5 dxc5 27.Nd5 Bd6 28.Rxf8+ Qxf8 29.Qd3  1-0

[Event "Skanska Open"]
[Site "Pardubice CZE"]
[Date "2004.07.23"]
[Round "1"]
[White "Geller,J"]
[Black "Zakurdjaeva,I"]
[Result "1-0"]
[WhiteElo "2484"]
[BlackElo "2270"]

1.e4 c5 2.Nf3 e6 3.d4 cxd4 4.Nxd4 Nc6 5.Nc3 Qc7 6.Be2 a6 7.O-O Nf6 8.Be3 Be7
9.f4 d6 10.a4 O-O 11.Kh1 Re8 12.Bd3 Nxd4 13.Bxd4 e5 14.Bg1 Bf8 15.a5 exf4
16.Rxf4 Be6 17.Nd5 Bxd5 18.exd5 Re5 19.Bd4 Rae8 20.Bxe5 Rxe5 21.c4 Qe7 22.Qf1 Qe8
23.b4 Be7 24.Re1 Nd7 25.Rfe4 Bf6 26.Rxe5 Bxe5 27.c5 Qd8 28.c6 bxc6 29.dxc6 Nf8
30.Qf3  1-0

[Event "3rd Open"]
[Site "Bergamo ITA"]
[Date "2004.07.24"]
[Round "6"]
[White "Dervishi,E"]
[Black "Prusikin,M"]
[Result "1/2-1/2"]
[WhiteElo "2486"]
[BlackElo "2517"]

1.e4 c5 2.Nf3 e6 3.d4 cxd4 4.Nxd4 Nc6 5.Nc3 d6 6.Be2 Nf6 7.O-O Be7 8.Be3 O-O
9.Kh1 a6 10.a4 Bd7 11.f4 Nxd4 12.Qxd4 Bc6 13.Rad1 Qc7 14.Bf3 Rac8 15.Qd3  1/2-1/2

[Event "7th Open"]
[Site "Korinthos GRE"]
[Date "2004.07.24"]
[Round "4"]
[White "Mastrovasilis,D"]
[Black "Lymar,I"]
[Result "1-0"]
[WhiteElo "2568"]
[BlackElo "2350"]

1.e4 c5 2.Nf3 e6 3.d4 cxd4 4.Nxd4 Nc6 5.Nc3 Qc7 6.Be2 a6 7.O-O Nf6 8.Be3 Be7
9.a4 O-O 10.f4 d6 11.Kh1 Re8 12.Bd3 Nb4 13.a5 Bd7 14.Nb3 Rac8 15.Be2 Bc6
16.Bf3 e5 17.Qe2 Bf8 18.fxe5 Rxe5 19.Bd4 Re6 20.Bb6 Qb8 21.Nd4 Ree8 22.Qf2 Bd7
23.Rad1 Be6 24.Nd5 Bxd5 25.exd5 Re5 26.Bg4 Nxg4 27.Qxf7+ Kh8 28.Ne6 Nh6 29.Qd7 Nf5
30.Nd8 Rxd8 31.Bxd8 Be7 32.Qe8+  1-0

[Event "7th Open"]
[Site "Korinthos GRE"]
[Date "2004.07.24"]
[Round "4"]
[White "Logothetis,S"]
[Black "Obodchuk,A"]
[Result "1/2-1/2"]
[WhiteElo "2233"]
[BlackElo "2447"]

1.e4 c5 2.Nf3 e6 3.d4 cxd4 4.Nxd4 Nc6 5.Nc3 d6 6.Be2 Nf6 7.O-O Be7 8.Be3 a6
9.a4 O-O 10.f4 Qc7 11.Kh1 Re8 12.Bf3 Na5 13.g4 Nc4 14.Bc1 Nd7 15.g5 Bf8 16.Bg2 b6
17.Rf3 Bb7 18.Rh3 g6 19.b3 Na5 20.Bb2 Bg7 21.Qd2 Rad8 22.Rd1 f5 23.gxf6 Nxf6
24.f5 Bc8 25.fxe6 Bxe6 26.Nxe6 Rxe6 27.Nd5  1/2-1/2

[Event "MTO"]
[Site "Biel SUI"]
[Date "2004.07.25"]
[Round "6"]
[White "Tischbierek,R"]
[Black "Nemet,I"]
[Result "1/2-1/2"]
[WhiteElo "2468"]
[BlackElo "2360"]

1.e4 c5 2.Nc3 Nc6 3.Nge2 e6 4.d4 cxd4 5.Nxd4 a6 6.Be2 Qc7 7.O-O Nf6 8.a4 Nxd4
9.Qxd4 Bd6 10.Kh1 O-O 11.f4 e5 12.Qc4 b6 13.Qxc7 Bxc7 14.Nd5 Nxd5 15.exd5 Bb7
16.c4 Rfe8 17.f5 Bd6 18.Be3 Bc5 19.Bxc5 bxc5 20.a5 Rab8 21.b4 cxb4 22.Rfb1 Ba8
23.Rb3 Kf8 24.Rab1 Rec8 25.Kg1 Ke7 26.Rxb4 Rxb4 27.Rxb4 Kd6 28.Rb6+ Kc5 29.Rxa6 Rb8
30.Kf2 Kd4 31.Ra7 Bb7 32.a6 Bc8 33.Rc7 Bxa6 34.d6 Rd8 35.Kf3 f6 36.g4 g6
37.g5 fxg5 38.fxg6 hxg6 39.Kg4 Rh8 40.Kxg5 Rxh2 41.Bg4 Rg2 42.Kh4 Bxc4 43.Bxd7 g5+
44.Kh5 Be2+  1/2-1/2

[Event "Politiken Cup"]
[Site "Copenhagen DEN"]
[Date "2004.07.25"]
[Round "2"]
[White "Tidman,S"]
[Black "Lindberg,Be"]
[Result "0-1"]
[WhiteElo "2133"]
[BlackElo "2422"]

1.e4 c5 2.Nf3 e6 3.d4 cxd4 4.Nxd4 Nc6 5.Nc3 Qc7 6.f4 a6 7.Nxc6 bxc6 8.Bd3 d5
9.O-O Nf6 10.Qe2 Be7 11.Kh1 O-O 12.Bd2 c5 13.b3 Bb7 14.e5 Nd7 15.Rae1 f5
16.exf6 Rxf6 17.f5 e5 18.Bg5 Rf7 19.Qd2 Bxg5 20.Qxg5 Nf6 21.Nd1 Re8 22.Nf2 e4
23.Be2 Qa5 24.Ng4 Nxg4 25.Bxg4 Rf6 26.Bh5 Ref8 27.Re3 Qc7 28.Rg3 Bc8 29.Bg4 h6
30.Qd2 d4 31.Qe2 Bxf5 32.Bxf5 Rxf5 33.Re1 Qf7 34.Kg1 Rf2 35.Qxa6 Rxc2 36.Rf1 Qxf1+  0-1

[Event "Skanska Open"]
[Site "Pardubice CZE"]
[Date "2004.07.25"]
[Round "3"]
[White "Manik,M"]
[Black "Bernal Moro,L"]
[Result "1/2-1/2"]
[WhiteElo "2502"]
[BlackElo "2425"]

1.e4 c5 2.Nf3 e6 3.d4 cxd4 4.Nxd4 Nc6 5.Nc3 a6 6.Be3 Nf6 7.Nxc6 bxc6 8.e5 Nd5
9.Nxd5 cxd5 10.Bd3 Qc7 11.f4 Bc5 12.Qd2 a5 13.O-O Ba6 14.f5 Bxe3+ 15.Qxe3 Qa7
16.Qxa7  1/2-1/2

[Event "Sanjin Hotel Cup"]
[Site "Taiyuan CHN"]
[Date "2004.07.25"]
[Round "8"]
[White "Short,N"]
[Black "Ye Jiangchuan"]
[Result "1-0"]
[WhiteElo "2684"]
[BlackElo "2681"]

1.e4 c5 2.Nf3 e6 3.d4 cxd4 4.Nxd4 Nc6 5.Nc3 Qc7 6.Be2 a6 7.O-O Nf6 8.Kh1 Be7
9.f4 d6 10.Nxc6 bxc6 11.Qd3 O-O 12.b3 Bb7 13.Bb2 c5 14.Rae1 Rae8 15.Qh3 Nxe4
16.Bd3 Nf6 17.Re3 g6 18.Nd1 c4 19.bxc4 Qc5 20.f5 e5 21.Rg3 Be4 22.Ne3 Bxd3
23.cxd3 Kh8 24.Bc1 Rg8 25.fxg6 fxg6 26.Nd5 Nxd5 27.Qxh7+  1-0

[Event "Politiken Cup"]
[Site "Copenhagen DEN"]
[Date "2004.07.26"]
[Round "4"]
[White "Auchenberg,P"]
[Black "Petersen,PB"]
[Result "1/2-1/2"]
[WhiteElo "2082"]
[BlackElo "2214"]

1.e4 c5 2.Nf3 e6 3.d4 cxd4 4.Nxd4 Nc6 5.Nc3 Qc7 6.g3 a6 7.Bg2 Nf6 8.O-O Be7
9.Re1 Nxd4 10.Qxd4 d6 11.a4 O-O 12.a5 Bd7 13.Be3 Bc6 14.Na4 Ng4 15.Nb6 Rad8
16.Bd2  1/2-1/2

[Event "7th Open"]
[Site "Korinthos GRE"]
[Date "2004.07.26"]
[Round "6"]
[White "Belov,Vl"]
[Black "Aroshidze,L"]
[Result "1-0"]
[WhiteElo "2532"]
[BlackElo "2401"]

1.e4 c5 2.Nf3 e6 3.d4 cxd4 4.Nxd4 Nc6 5.Nc3 Qc7 6.Be3 Nf6 7.Ndb5 Qb8 8.f4 d6
9.a4 Be7 10.Bd3 O-O 11.O-O a6 12.Na3 d5 13.e5 Nd7 14.Ne2 Nc5 15.c3 Nxd3 16.Qxd3 b6
17.Rf3 Qc7 18.Nc2 Bd7 19.Rh3 g6 20.Ned4 b5 21.Nxc6 Qxc6 22.a5 Qc4 23.Qd2 Rac8
24.Bd4 b4 25.f5  1-0

[Event "Glorney Cup"]
[Site "Aberdeen SCO"]
[Date "2004.07.27"]
[Round "3"]
[White "Eggleston,D"]
[Black "Oulovsky,P"]
[Result "0-1"]
[WhiteElo "2140"]
[BlackElo "2097"]

1.e4 c5 2.Nf3 e6 3.d4 cxd4 4.Nxd4 Nc6 5.Nc3 a6 6.Be3 d6 7.Qd2 Nf6 8.f3 Be7
9.g4 O-O 10.O-O-O Nxd4 11.Bxd4 b5 12.h4 Nd7 13.g5 Qc7 14.h5 b4 15.Ne2 Ne5
16.Ng1 a5 17.g6 fxg6 18.hxg6 h6 19.Kb1 Bg5 20.Be3 Bxe3 21.Qxe3 Nxg6 22.Ne2 e5
23.Ng3 Nf4 24.Rh2 Be6 25.Nf5 Bxf5 26.exf5 Rxf5 27.Qe4 Raf8 28.Bc4+ d5 29.Bxd5+ Nxd5
30.Qxd5+ Qf7 31.Qxa5 e4 32.Qxb4 exf3 33.Rf2 Rg5 34.Qe4 Qf5 35.Qb7 Rg4 36.a4 Qe4
37.Qb3+ Kh8 38.Qa3 Rgf4 39.a5 g5 40.Qc3+ Kh7 41.Rd7+ R8f7 42.Rd6 Re7 43.Qc5 Rf5
44.Qb6 Qe1+ 45.Ka2 Qxa5+ 46.Qxa5 Rxa5+ 47.Kb3 g4 48.Rh2 h5 49.Kb4 Rf5  0-1

[Event "Politiken Cup"]
[Site "Copenhagen DEN"]
[Date "2004.07.27"]
[Round "5"]
[White "Lindberg,Be"]
[Black "Nielsen,PH"]
[Result "0-1"]
[WhiteElo "2422"]
[BlackElo "2652"]

1.e4 c5 2.Nf3 Nc6 3.d4 cxd4 4.Nxd4 e6 5.Nc3 d6 6.Be2 Nf6 7.O-O Be7 8.Be3 O-O
9.f4 Bd7 10.Nb3 Rc8 11.Kh1 a6 12.a4 Na5 13.e5 Ne8 14.Nxa5 Qxa5 15.Ne4 Qc7
16.Bf3 d5 17.Nc3 Bc5 18.Qd2 Bxe3 19.Qxe3 Qc5 20.Qxc5 Rxc5 21.Rfd1 g6 22.Rd2 f6
23.exf6 Nd6 24.Nd1 Rxf6 25.Nf2 Rc4 26.g3 Rxa4 27.Rxa4 Bxa4 28.b3 Bc6 29.c4 Ne4
30.Bxe4 dxe4 31.Kg1 e3 32.Rd8+ Rf8 33.Rxf8+ Kxf8 34.Ng4 Ke7 35.c5 Kd7 36.b4 Bb5
37.Nxe3 Kc6 38.Kf2 Ba4 39.Nc4 Kb5 40.Nd6+ Kxb4 41.Nxb7 a5 42.Ke3 Bc6 43.Nd8 Kxc5
44.Nxe6+ Kc4 45.Kd2 Be4 46.Kc1 Kc3 47.Nc7 Bd3 48.g4 a4 49.Nd5+ Kb3 50.Kd2 a3
51.Nc3 Be4 52.Ne2 Bf3 53.Nd4+ Kb2 54.f5 a2 55.Nc2 Bxg4 56.f6 Be6 57.Ke1  0-1

[Event "Open Dutch Champ"]
[Site "Dieren NED"]
[Date "2004.07.27"]
[Round "1"]
[White "Struik,T"]
[Black "Van der Werf,M"]
[Result "0-1"]
[WhiteElo "2164"]
[BlackElo "2418"]

1.e4 c5 2.Nf3 e6 3.d4 cxd4 4.Nxd4 Nc6 5.Nc3 d6 6.Be3 Nf6 7.Be2 Be7 8.O-O O-O
9.f4 Bd7 10.Nb3 Qc7 11.a3 a6 12.Qe1 b5 13.Bf3 Rac8 14.g4 Ne8 15.g5 b4 16.Ne2 bxa3
17.Rxa3 d5 18.Bc5 Nd6 19.exd5 exd5 20.Bxd5 Nb5 21.Ra1 Rfe8 22.Bxe7 Rxe7 23.Qf2 Nb4
24.c4 Nd6 25.Nbd4 Nxc4 26.Bxc4 Qxc4 27.Rac1 Qd5 28.Rxc8+ Bxc8 29.Nc3 Qc4
30.Rd1 Re8 31.Qf3 Qc7 32.h4 Bb7 33.Qf2 Qc4 34.Nde2 Qc8 35.Qg3 Nc2 36.Rd3 Qf5
37.Rd2 g6 38.Nd4 Nxd4 39.Rxd4 Qc2 40.Rd1 Qxb2 41.h5 gxh5 42.f5 h4 43.Qh3 Qb6+
44.Kf1 Qb4 45.Ne2 a5 46.f6 Ba6  0-1

[Event "Glorney Cup"]
[Site "Aberdeen SCO"]
[Date "2004.07.28"]
[Round "4"]
[White "Maenhout,T"]
[Black "MacDonald,C"]
[Result "1-0"]
[WhiteElo "1990"]
[BlackElo "2018"]

1.e4 c5 2.Nf3 e6 3.d4 cxd4 4.Nxd4 Nc6 5.Nc3 d6 6.Bc4 Nf6 7.Be3 a6 8.Qe2 Qc7
9.Bb3 b5 10.O-O-O b4 11.Na4 Na5 12.Kb1 Nxb3 13.cxb3 Nxe4 14.Rc1 Nc5 15.Nf5 Qd8
16.Nxd6+ Bxd6 17.Nxc5 O-O 18.Rhd1 Qe7 19.Ne4 Bb8 20.Bc5 Qb7 21.Bxf8  1-0

[Event "Politiken Cup"]
[Site "Copenhagen DEN"]
[Date "2004.07.28"]
[Round "6"]
[White "Vuilleumier,A"]
[Black "Lindberg,Be"]
[Result "0-1"]
[WhiteElo "2259"]
[BlackElo "2422"]

1.e4 c5 2.Nf3 e6 3.d4 cxd4 4.Nxd4 Nc6 5.Nc3 Qc7 6.Be3 a6 7.Qd2 Nf6 8.O-O-O Bb4
9.f3 Ne5 10.Kb1 Bxc3 11.Qxc3 Qxc3 12.bxc3 d5 13.exd5 Nxd5 14.Bd2 Nb6 15.Bc1 Bd7
16.Re1 Nec4 17.Nf5 O-O 18.Ne3 Nxe3 19.Bxe3 Na4 20.Bd4 Rac8 21.Re3 Bc6 22.f4 Bd5
23.Rg3 f6 24.h4 Bc4 25.h5 Kf7 26.h6 g6 27.Re3 Rfd8 28.Bxc4 Rxc4 29.Rd1 Rc6
30.g4 Nb6 31.Rf3 Nc4 32.Rfd3 Rd5 33.Bf2 Rcd6 34.Re1 g5 35.fxg5 fxg5 36.Bg3 Rb6+
37.Ka1 Na3 38.Rc1 Rdb5  0-1

[Event "Open Dutch Champ"]
[Site "Dieren NED"]
[Date "2004.07.28"]
[Round "2"]
[White "Ammerlaan,R"]
[Black "Van der Elburg,F"]
[Result "0-1"]
[WhiteElo "2116"]
[BlackElo "2223"]

1.e4 c5 2.Nf3 Nc6 3.d4 cxd4 4.Nxd4 e6 5.Nc3 Qc7 6.Be2 a6 7.O-O Nf6 8.Be3 Bb4
9.Nxc6 bxc6 10.Qd4 c5 11.Qd3 Bb7 12.f3 d5 13.exd5 exd5 14.a3 Ba5 15.Bg5 Bb6
16.Kh1 c4 17.Qf5 Bc8 18.Qf4 Qxf4 19.Bxf4 Be6 20.Rad1 Ke7 21.Be5 Rhd8 22.b3 Ne8
23.f4 f6 24.Bd4 Bxd4 25.Rxd4 Rab8 26.b4 Nc7 27.Bf3 a5 28.Rb1 axb4 29.axb4 Nb5
30.Nxb5 Rxb5 31.c3 Ra8 32.Rxc4 Ra3 33.Rc7+ Kd6 34.Rxg7 Rxc3 35.h3 Rc4 36.Ra7 Rxf4
37.Ra6+ Kd7 38.Ra7+ Kc6 39.Ra6+ Rb6 40.Rxb6+ Kxb6 41.Kh2 Rc4 42.Kg3 d4 43.Kf4 d3+
44.Ke3 Bf5 45.g4 Bg6 46.Bd5 Rc2 47.h4 Re2+ 48.Kf3 h5 49.Rd1 hxg4+ 50.Kxg4 Re5
51.Bg2 Bh5+  0-1

[Event "Open Dutch Champ"]
[Site "Dieren NED"]
[Date "2004.07.28"]
[Round "2"]
[White "Van der Wiel,J"]
[Black "Kuipers,E"]
[Result "1/2-1/2"]
[WhiteElo "2502"]
[BlackElo "2263"]

1.e4 c5 2.Nf3 e6 3.d4 cxd4 4.Nxd4 Nc6 5.Nc3 Qc7 6.Be2 a6 7.O-O Nf6 8.Kh1 b5
9.Nxc6 dxc6 10.f4 Bb7 11.e5 Nd5 12.Nxd5 cxd5 13.Bd3 g6 14.a4 b4 15.Bd2 Bc5
16.Qe2 O-O 17.a5 Qe7 18.Rfc1 Rfb8 19.Be3 Bxe3 20.Qxe3 Bc6 21.c4  1/2-1/2

[Event "7th Open"]
[Site "Korinthos GRE"]
[Date "2004.07.28"]
[Round "8"]
[White "Skaperdas,K"]
[Black "Obodchuk,A"]
[Result "0-1"]
[WhiteElo "2217"]
[BlackElo "2447"]

1.e4 c5 2.Nf3 e6 3.d4 cxd4 4.Nxd4 Nc6 5.Nc3 d6 6.Be3 Nf6 7.Qe2 e5 8.Nb3 Be7
9.f3 Be6 10.O-O-O O-O 11.Nc5 Bc8 12.g4 b6 13.Nb3 Be6 14.Rg1 Rc8 15.Kb1 Na5
16.g5 Nh5 17.Nd5 Nc4 18.Bc1 a5 19.Qe1 a4 20.Bxc4 Rxc4 21.Nd2 Rc5 22.Nf1 Bxd5
23.Rxd5 Rxd5 24.exd5 b5 25.Qb4 Qe8 26.Ng3 Nxg3 27.Rxg3 Qd7 28.b3 f5 29.f4 Re8
30.Rc3 Bf8 31.Rc6 axb3 32.axb3 exf4 33.Qxf4 g6 34.Qb4 Qa7 35.Qa3 Qd4 36.Bb2 Qxd5
37.Rc7 Ra8 38.Ra7 Rxa7 39.Qxa7 f4 40.h4 f3 41.Qe3 Qf5 42.Bd4 d5 43.Kc1 Qe4
44.Kd2 Bb4+ 45.c3 Bd6 46.c4 Bf4  0-1

[Event "MTO"]
[Site "Biel SUI"]
[Date "2004.07.29"]
[Round "10"]
[White "Tseshkovsky,V"]
[Black "Thorfinnsson,Br"]
[Result "1-0"]
[WhiteElo "2588"]
[BlackElo "2431"]

1.e4 c5 2.Nf3 Nc6 3.Nc3 e6 4.d4 cxd4 5.Nxd4 Qc7 6.Be3 a6 7.Qd2 Nf6 8.O-O-O Bb4
9.f3 d5 10.a3 Bxc3 11.Qxc3 dxe4 12.Nxc6 Qxc6 13.Qe5 O-O 14.Bg5 Nd7 15.Qg3 Kh8
16.fxe4 f6 17.Be3 e5 18.Qf2 b5 19.Be2 Bb7 20.Bg4 Rf7 21.Rhe1 Nf8 22.Bc5 Bc8
23.Bh5 g6 24.Rd6 Qc7 25.Rxf6 Be6 26.Bg4 Kg8 27.Rxf7 Bxf7 28.Rf1 Ne6 29.Bd6 Qa7
30.Qf6 Ng7 31.Bxe5 Bc4 32.Bd4 Qc7 33.Rf3 Re8 34.b3  1-0

[Event "Open Dutch Champ"]
[Site "Dieren NED"]
[Date "2004.07.29"]
[Round "3"]
[White "Barendse,T"]
[Black "Burg,T"]
[Result "1-0"]
[WhiteElo "2201"]
[BlackElo "2062"]

1.e4 c5 2.Nc3 Nc6 3.Nge2 e6 4.d4 cxd4 5.Nxd4 a6 6.f4 Qc7 7.Be3 d6 8.Be2 Nf6
9.O-O Be7 10.Qe1 Bd7 11.Qg3 h5 12.a4 h4 13.Qf2 Rc8 14.Nb3 Nb4 15.Bb6 Qb8
16.Bf3 e5 17.Be3 Be6 18.Rfd1 Nd7 19.Rac1 Bxb3 20.cxb3 Nc5 21.Bxc5 Rxc5 22.Be2 O-O
23.Bc4 Qc8 24.h3 Rc7 25.Kh1 Rc5 26.fxe5 dxe5 27.Rf1 Bf6 28.Rcd1 Qc6 29.Qe2 Qc8
30.Bd5 b6 31.Qh5 Rxc3 32.bxc3 Qxc3 33.Rxf6 gxf6 34.Qg6+ Kh8 35.Qxf6+ Kh7
36.Qxh4+ Kg6 37.Qg4+ Kh6 38.Rf1 f6 39.Rf5 Qc1+ 40.Kh2 Nd3 41.Rh5+  1-0

[Event "Open Dutch Champ"]
[Site "Dieren NED"]
[Date "2004.07.29"]
[Round "3"]
[White "Bezemer,A"]
[Black "Savchenko,S"]
[Result "1/2-1/2"]
[WhiteElo "2375"]
[BlackElo "2521"]

1.e4 c5 2.Nf3 e6 3.d4 cxd4 4.Nxd4 Nc6 5.Nc3 Qc7 6.Be3 Nf6 7.Qd2 Bb4 8.f3 Nxd4
9.Qxd4 Bxc3+ 10.bxc3 e5 11.Qb4 d6 12.O-O-O O-O 13.Rxd6 Be6 14.c4 Rfc8 15.Be2  1/2-1/2

[Event "Skanska Open"]
[Site "Pardubice CZE"]
[Date "2004.07.29"]
[Round "7"]
[White "Babula,V"]
[Black "Zubarev,Al1"]
[Result "1-0"]
[WhiteElo "2569"]
[BlackElo "2473"]

1.e4 c5 2.Nf3 Nc6 3.Nc3 e6 4.d4 cxd4 5.Nxd4 a6 6.Nxc6 bxc6 7.Bd3 d5 8.O-O Nf6
9.Qe2 Be7 10.Na4 O-O 11.Rd1 Qc7 12.e5 Nd7 13.Bf4 c5 14.c4 d4 15.Be4 Rb8 16.Rd3 g6
17.Re1 Re8 18.b3 Bf8 19.Rh3 Bg7 20.Nb2 a5 21.Qg4 Nf8 22.a4 Bb7 23.Bc2 Qc6
24.Bd2 Nd7 25.Nd3 Ra8 26.f3 Qc7 27.Qh4 h5 28.g4 Bxe5 29.gxh5 Bf6 30.Qg4 g5
31.Bxg5 Kh8 32.Nf4 Be5 33.Kf1 Ra6 34.Ng6+ fxg6 35.hxg6+ Kg8 36.Qh4 Bg7 37.Qh7+ Kf8
38.Bh6 Nf6 39.Qh8+ Ng8 40.Bxg7+  1-0

[Event "Summer Open"]
[Site "Pirot SCG"]
[Date "2004.07.29"]
[Round "6"]
[White "Zivkovic,Mo"]
[Black "Urosevic,M"]
[Result "1-0"]
[WhiteElo "2091"]
[BlackElo "2019"]

1.e4 c5 2.Nf3 e6 3.d4 cxd4 4.Nxd4 Nc6 5.Nc3 Qc7 6.f4 a6 7.Be3 b5 8.Be2 Bb7
9.O-O Nf6 10.e5 Nxd4 11.Qxd4 Nd5 12.Nxd5 Bxd5 13.Bf3 Bxf3 14.Rxf3 Rc8 15.c3 Bc5
16.Qxc5 Qxc5 17.Bxc5 Rxc5 18.Rd3 Rc7 19.Rd6 Ra7 20.a4 bxa4 21.Rxa4 Ke7 22.Raxa6 Rxa6
23.Rxa6 f6 24.exf6+ gxf6 25.Kf2 Rb8 26.b4 Rc8 27.Ra3 Kd6 28.Ke3 Kd5 29.Kd3 e5
30.c4+ Kd6 31.fxe5+ fxe5 32.Ra6+ Ke7 33.Rh6 Rh8 34.c5 Rb8 35.Kc4 Re8 36.Rxh7+ Kd8
37.Kd3 e4+ 38.Ke3 Kc7 39.Rh4 Kc6 40.Rxe4  1-0

[Event "MTO"]
[Site "Biel SUI"]
[Date "2004.07.30"]
[Round "11"]
[White "Valenti,G"]
[Black "Kaenel,H"]
[Result "0-1"]
[WhiteElo "2288"]
[BlackElo "2356"]

1.e4 c5 2.Nf3 e6 3.d4 cxd4 4.Nxd4 Nc6 5.Nc3 Qc7 6.g3 a6 7.Bg2 d6 8.O-O Bd7
9.Re1 Nf6 10.Nxc6 bxc6 11.Na4 Rd8 12.c4 c5 13.Qc2 Be7 14.Bd2 O-O 15.Rad1 Bc6
16.Bc3 Nd7 17.b3 Bxa4 18.bxa4 Bf6 19.Bxf6 Nxf6 20.f4 Nd7 21.Rb1 Qa5 22.Rf1 Nb6
23.f5 Qxa4 24.Qc1 Nxc4 25.f6 Ne5 26.Qg5 Ng6 27.e5 Qd4+ 28.Kh1 Qxe5  0-1